000 00518nam a2200193Ia 4500
005 20250326123458.0
008 250326s9999 xx 000 0 und d
037 _aTextbook
040 _aFMSL
_beng
_cFMSL
041 _aeng
_2eng
084 _aX:89A P5
_qFMSL
100 _aChopra S
_9102516
245 0 _aSupply chain management
_cChopra S; Meindl P
250 _a2
260 _aNew Delhi
_bNew Delhi, Prentice-Hall
_c2006
300 _a590p
942 _cTB
_hX:89A P5
999 _c1269531
_d1269531